| 000 | 01057nam a22002657a 4500 | ||
|---|---|---|---|
| 005 | 20151106161329.0 | ||
| 010 | _aENG-113978 | ||
| 020 |
_c695.00 _a0198075111 |
||
| 020 |
_c695.00 _a9780198075110 |
||
| 035 | _aEN-97510 | ||
| 037 |
_bDBAD/PUB _adpl |
||
| 082 | _a954.031092 | ||
| 100 | _aRobb, Peter | ||
| 245 |
_aSex and sensibility : _cby Peter Robb _bRichard Blechynden's Calcutta diaries,1791-1822 / |
||
| 260 |
_aNew Delhi _bOxford University Press _c2011 |
||
| 270 |
_aYMCA Library Building, 1, Jai Singh Road, _bNew Delhi _e110001 |
||
| 300 |
_axiv.260p. _c22cm(Hb) |
||
| 500 | _a Includes bibliographical references (pages 253-254) and index. | ||
| 600 |
_aBlechynden, Richard, _d1760-1822 _x Diaries. |
||
| 650 |
_a British _zIndia _zKolkata _xDiaries. |
||
| 650 |
_a British _xFamily relationships _xHistory _z India _zKolkata _y18th century. |
||
| 650 |
_aBritish _xFamily relationships _xHistory _zIndia _zKolkata _y19th century. |
||
| 700 |
_aBlechynden, Richard, _d1760-1822. |
||
| 942 |
_2ddc _cEN _mROB _h954.031092 |
||
| 999 |
_c96628 _d96628 |
||